| 000 | 00398nam a22001457a 4500 | ||
|---|---|---|---|
| 020 | _a0-471-25231-X | ||
| 082 |
_a624.15136221 _bBUD _cN-01, P-89 |
||
| 100 |
_aBudhu, Muni _942574 |
||
| 245 |
_aSoil mechanics & foundations _cMuni Budhu |
||
| 260 |
_aUSA _bJohn Wiley & Sons _c2000 |
||
| 300 | _axxv, 586.p: | ||
| 526 |
_a0 _b0 _c0 _d624_151362210000000_BUD |
||
| 650 |
_aNUST _96342 |
||
| 942 |
_2ddc _cBK |
||
| 999 |
_c546450 _d546450 |
||